[Event "Windsor NAYCC U12"]
[Site "Windsor"]
[Date "2016.08.09"]
[Round "5.102"]
[White "Omichi, Haruaki"]
[Black "Damarla, Rishi"]
[Result "1-0"]
[WhiteElo "1071"]
[BlackElo "1065"]
[PlyCount "75"]
[EventDate "2016.08.07"]
[EventType "swiss"]
[EventRounds "9"]
[EventCountry "CAN"]
[SourceTitle "EXT 2022"]
[Source "ChessBase"]
[SourceDate "2021.10.06"]
[SourceVersion "1"]
[SourceVersionDate "2021.10.06"]
[SourceQuality "1"]

1. e4 e5 2. Nf3 Nc6 3. Nc3 Nf6 4. d4 exd4 5. Nxd4 Be7 6. Bc4 0-0 7. Be3 d6 8. f3 Bd7 9. g4 Nxd4 10. Bxd4 c5 11. Be3 a6 12. a4 Ne8 13. Qd2 h6 14. 0-0-0 Bc6 15. Rdg1 Nc7 16. g5 Bxg5 17. Bxg5 hxg5 18. Rxg5 Ne6 19. Rg3 Qf6 20. Rhg1 Rfe8 21. h4 Kh8 22. h5 b5 23. Ba2 bxa4 24. Qxd6 Qf4+ 25. Qxf4 Nxf4 26. Rxg7 Nxh5 27. R7g5 Ng7 28. Rxg7 Rg8 29. Rxg8+ Rxg8 30. Rxg8+ Kxg8 31. Bc4 a5 32. Nd5 Kg7 33. Nc7 Kg6 34. Bb5 Bxb5 35. Nxb5 Kg5 36. Kd2 Kf4 37. Ke2 f6 38. Nc3 1-0

[Event "Windsor NAYCC U12"]
[Site "Windsor"]
[Date "2016.08.08"]
[Round "3.112"]
[White "Zaid, Daniyal"]
[Black "Damarla, Rishi"]
[Result "0-1"]
[WhiteElo "714"]
[BlackElo "1065"]
[PlyCount "92"]
[EventDate "2016.08.07"]
[EventType "swiss"]
[EventRounds "9"]
[EventCountry "CAN"]
[SourceTitle "EXT 2022"]
[Source "ChessBase"]
[SourceDate "2021.10.06"]
[SourceVersion "1"]
[SourceVersionDate "2021.10.06"]
[SourceQuality "1"]

1. e4 e5 2. Nf3 Nc6 3. Bb5 d6 4. Nc3 Nf6 5. 0-0 Be7 6. d3 h6 7. d4 exd4 8. Nxd4 Bd7 9. Nd5 Nxe4 10. Qf3 Nxd4 11. Bxd7+ Qxd7 12. Qxe4 Ne6 13. Re1 0-0 14. Nxe7+ Qxe7 15. Qxb7 Qd7 16. Be3 Rfb8 17. Qf3 Re8 18. Qg3 Kh8 19. Rad1 Qe7 20. Bd4 Qf8 21. Bc3 Re7 22. Re4 Rae8 23. Rd5 f6 24. h3 Nc5 25. Rxe7 Rxe7 26. Bd4 Re1+ 27. Kh2 Rd1 28. Qg4 Qf7 29. Qc8+ Kh7 30. Qf5+ g6 31. Qxf6 Qxf6 32. Bxf6 Rxd5 33. g4 Ne4 34. Bd8 Nxf2 35. Bxc7 Rd2 36. c4 Rxb2 37. Bxd6 Rxa2 38. Bc5 Ne4+ 39. Kh1 Nxc5 40. h4 Nd3 41. c5 Rc2 42. g5 a5 43. gxh6 a4 44. h5 a3 45. hxg6+ Kxg6 46. h7 Kxh7 0-1

[Event "CAN-ch U12"]
[Site "Windsor"]
[Date "2016.07.05"]
[Round "1.60"]
[White "Zhao, Ian"]
[Black "Damarla, Rishi"]
[Result "0-1"]
[WhiteElo "1715"]
[BlackElo "932"]
[PlyCount "72"]
[EventDate "2016.07.05"]
[EventType "swiss"]
[EventRounds "7"]
[EventCountry "CAN"]
[SourceTitle "EXT 2022"]
[Source "ChessBase"]
[SourceDate "2021.10.06"]
[SourceVersion "1"]
[SourceVersionDate "2021.10.06"]
[SourceQuality "1"]

1. e4 e5 2. Nf3 Nc6 3. Bc4 Bc5 4. c3 Nf6 5. d3 h6 6. 0-0 0-0 7. h3 d6 8. Nbd2 Bd7 9. Bb3 Qe7 10. Re1 Rad8 11. Nf1 Be6 12. Bc2 Qd7 13. d4 exd4 14. cxd4 Bb6 15. d5 Ne7 16. dxe6 fxe6 17. Qd3 Nc6 18. Bd2 Kh8 19. Bc3 e5 20. Rad1 Qe7 21. Ne3 Qe8 22. Nd5 Nd7 23. Nxb6 axb6 24. Nh4 Nc5 25. Qg3 Ne7 26. Rd2 Ne6 27. Nf5 Nxf5 28. exf5 Nf4 29. Qg4 Qf7 30. b3 Rde8 31. Qf3 Rb8 32. Bd1 Qxf5 33. Kh2 Rf6 34. Bc2 Qc8 35. Qe4 Rg6 36. f3 Rxg2+ 0-1